[Event "1st Welsh Masters 2019"]
[Site "Bridgend"]
[Date "2019.08.26"]
[Round "1.1"]
[White "Van Zyl-Rudd, Jack"]
[Black "Turner, Matthew J"]
[Result "0-1"]
[WhiteElo "2290"]
[BlackElo "2519"]
[Annotator "ChessBase"]
[PlyCount "82"]
[EventDate "2019.08.26"]
[EventType "tourn"]
[EventCountry "WLS"]
[SourceTitle "playchess.com"]
[Source "ChessBase"]
[SourceQuality "1"]
[TimeControl "5400+30"]

1. d4 {[%emt 0:00:00]} Nf6 {[%emt 0:00:00]} 2. c4 {[%emt 0:00:00]} g6 {[%emt 0:00:03]} 3. g3 {[%emt 0:00:00]} Bg7 {[%emt 0:01:57]} 4. Bg2 {[%emt 0:00:00]} O-O {[%emt 0:00:08]} 5. Nf3 {[%emt 0:00:00]} d5 {[%emt 0:01:53]} 6. O-O {[%emt 0:00:10]} c6 {[%emt 0:04:05]} 7. Nbd2 {[%emt 0:01:37]} Bf5 {[%emt 0:01:31]} 8. b3 {[%emt 0:00:32]} a5 {[%emt 0:00:35]} 9. Bb2 {[%emt 0:00:44]} a4 {[%emt 0:00:41]} 10. Nh4 {[%emt 0:01:15]} Be6 {[%emt 0:04:10]} 11. Qc2 {[%emt 0:01:53]} Na6 {[%emt 0:01:00]} 12. bxa4 {[%emt 0:02:06]} dxc4 {[%emt 0:07:23]} 13. a3 {[%emt 0:01:37]} Nd5 {[%emt 0:06:33]} 14. Nxc4 {[%emt 0:02:25]} Nb6 {[%emt 0:01:33]} 15. Nxb6 {[%emt 0:02:39]} Qxb6 {[%emt 0:00:05]} 16. Rab1 {[%emt 0:01:58]} Ba2 {[%emt 0:03:43]} 17. Rbc1 {[%emt 0:00:40]} Bb3 {[%emt 0:02:55]} 18. a5 {[%emt 0:00:52]} Bxc2 {[%emt 0:06:11]} 19. axb6 {[%emt 0:00:14]} Ba4 {[%emt 0:00:03]} 20. Bc3 {[%emt 0:01:05]} Rfd8 {[%emt 0:03:01]} 21. e3 {[%emt 0:01:09]} e6 {[%emt 0:00:37]} 22. Nf3 {[%emt 0:00:36]} Nb8 {[%emt 0:00:41]} 23. Ne5 {[%emt 0:01:30]} Bb5 {[%emt 0:04:57]} 24. Rfd1 {[%emt 0:00:55]} Rxa3 {[%emt 0:02:24]} 25. Bb4 {[%emt 0:00:31]} Ra6 {[%emt 0:00:19]} 26. Be7 {[%emt 0:01:14]} Re8 {[%emt 0:00:09]} 27. Bd6 {[%emt 0:00:34]} Bxe5 {[%emt 0:08:58]} 28. dxe5 {[%emt 0:01:17]} Nd7 {[%emt 0:00:16]} 29. Bf1 {[%emt 0:01:35]} Bxf1 {[%emt 0:06:42]} 30. Kxf1 {[%emt 0:00:20]} Rc8 {[%emt 0:00:42]} 31. f4 {[%emt 0:05:19]} Nxb6 {[%emt 0:01:53]} 32. e4 {[%emt 0:01:44]} Ra4 {[%emt 0:01:16]} 33. Bc5 {[%emt 0:00:30]} Nc4 {[%emt 0:04:23]} 34. Rb1 {[%emt 0:01:48]} Ra2 {[%emt 0:01:52]} 35. Rxb7 {[%emt 0:00:13]} Nd2+ {[%emt 0:00:31]} 36. Ke1 {[%emt 0:00:09]} Nf3+ {[%emt 0:01:24]} 37. Kf1 {[%emt 0:00:06]} Nxh2+ {[%emt 0:00:19]} 38. Ke1 {[%emt 0:00:04]} Nf3+ {[%emt 0:00:18]} 39. Kf1 {[%emt 0:00:08]} Nd2+ {[%emt 0:00:38]} 40. Kg1 {[%emt 0:00:08]} Nxe4 {[%emt 0:01:46]} 41. Rc7 {[%emt 0:00:17]} Raa8 {[%emt 0:00:43]} 0-1

[Event "1st Welsh Masters 2019"]
[Site "Bridgend"]
[Date "2019.08.26"]
[Round "1.2"]
[White "Taylor, Adam C"]
[Black "James, Dai"]
[Result "1-0"]
[WhiteElo "2402"]
[BlackElo "1858"]
[Annotator "ChessBase"]
[PlyCount "49"]
[EventDate "2019.08.26"]
[EventType "tourn"]
[EventCountry "WLS"]
[SourceTitle "playchess.com"]
[Source "ChessBase"]
[SourceQuality "1"]
[TimeControl "5400+30"]

1. Nf3 {[%emt 0:00:00]} f5 {[%emt 0:00:30]} 2. g3 {[%emt 0:00:00]} Nf6 {[%emt 0:00:12]} 3. Bg2 {[%emt 0:00:00]} g6 {[%emt 0:00:11]} 4. d4 {[%emt 0:00:00]} Bg7 {[%emt 0:00:29]} 5. b3 {[%emt 0:00:00]} O-O {[%emt 0:01:34]} 6. Bb2 {[%emt 0:00:00]} c6 {[%emt 0:04:49]} 7. O-O {[%emt 0:00:21]} Qc7 {[%emt 0:04:30]} 8. c4 {[%emt 0:00:47]} d6 {[%emt 0:08:51]} 9. Nbd2 {[%emt 0:00:07]} Nbd7 {[%emt 0:00:24]} 10. Ng5 {[%emt 0:00:41]} Nb6 {[%emt 0:00:42]} 11. Qc2 {[%emt 0:04:41]} h6 {[%emt 0:02:55]} 12. Ngf3 {[%emt 0:00:23]} Bd7 {[%emt 0:01:46]} 13. Nh4 {[%emt 0:06:42]} Kh7 {[%emt 0:03:41]} 14. e4 {[%emt 0:00:06]} e6 {[%emt 0:00:16]} 15. c5 {[%emt 0:06:52]} Nc8 {[%emt 0:00:57]} 16. cxd6 {[%emt 0:00:16]} Qd8 {[%emt 0:02:36]} 17. e5 {[%emt 0:03:03]} Nd5 {[%emt 0:00:07]} 18. Nc4 {[%emt 0:04:24]} Be8 {[%emt 0:02:52]} 19. Ne3 {[%emt 0:01:40]} g5 {[%emt 0:04:02]} 20. Bxd5 {[%emt 0:06:41]} cxd5 {[%emt 0:00:27]} 21. Nhg2 {[%emt 0:00:04]} Bg6 {[%emt 0:05:06]} 22. f4 {[%emt 0:00:04]} Nb6 {[%emt 0:00:44]} 23. Rac1 {[%emt 0:00:18]} Rc8 {[%emt 0:02:01]} 24. Qd2 {[%emt 0:00:07]} Qd7 {[%emt 0:03:36]} 25. Qa5 {[%emt 0:01:09]} 1-0

[Event "1st Welsh Masters 2019"]
[Site "Bridgend"]
[Date "2019.08.26"]
[Round "1.3"]
[White "Waddington, Mike P"]
[Black "Toczek, Grzegorz"]
[Result "1/2-1/2"]
[WhiteElo "2023"]
[BlackElo "2246"]
[Annotator "ChessBase"]
[PlyCount "84"]
[EventDate "2019.08.26"]
[EventType "tourn"]
[EventCountry "WLS"]
[SourceTitle "playchess.com"]
[Source "ChessBase"]
[SourceQuality "1"]
[TimeControl "5400+30"]

1. d4 {[%emt 0:00:00]} Nf6 {[%emt 0:00:39]} 2. Nf3 {[%emt 0:00:00]} g6 {[%emt 0:01:19]} 3. Bg5 {[%emt 0:00:51]} Bg7 {[%emt 0:00:14]} 4. e3 {[%emt 0:00:54]} c5 {[%emt 0:01:29]} 5. c3 {[%emt 0:00:39]} O-O {[%emt 0:03:43]} 6. Bd3 {[%emt 0:01:52]} d6 {[%emt 0:01:14]} 7. O-O {[%emt 0:00:58]} Nc6 {[%emt 0:02:43]} 8. Nbd2 {[%emt 0:02:38]} Qc7 {[%emt 0:04:49]} 9. Rc1 {[%emt 0:14:48]} Re8 {[%emt 0:00:40]} 10. h3 {[%emt 0:05:53]} Nd7 {[%emt 0:02:50]} 11. Re1 {[%emt 0:05:34]} Qb8 {[%emt 0:02:34]} 12. Ne4 {[%emt 0:07:12]} b6 {[%emt 0:01:02]} 13. Qa4 {[%emt 0:05:08]} Qb7 {[%emt 0:09:24]} 14. Bh4 {[%emt 0:10:01]} d5 {[%emt 0:05:33]} 15. Ng3 {[%emt 0:06:54]} c4 {[%emt 0:12:06]} 16. Bb1 {[%emt 0:00:46]} f5 {[%emt 0:01:12]} 17. Ne2 {[%emt 0:02:02]} Nf6 {[%emt 0:01:51]} 18. Bg3 {[%emt 0:03:22]} Bd7 {[%emt 0:00:23]} 19. Qd1 {[%emt 0:29:58]} Ne4 {[%emt 0:05:16]} 20. Bf4 {[%emt 0:00:46]} Rad8 {[%emt 0:01:32]} 21. Ng3 {[%emt 0:04:04]} Be6 {[%emt 0:02:24]} 22. Ne2 {[%emt 0:03:20]} Bf7 {[%emt 0:00:44]} 23. Ne5 {[%emt 0:02:54]} Nxe5 {[%emt 0:04:58]} 24. dxe5 {[%emt 0:00:14]} Nc5 {[%emt 0:00:30]} 25. Nd4 {[%emt 0:01:36]} a6 {[%emt 0:00:32]} 26. g4 {[%emt 0:03:56]} e6 {[%emt 0:00:17]} 27. Bh2 {[%emt 0:01:07]} Nd7 {[%emt 0:01:45]} 28. f4 {[%emt 0:00:15]} Nc5 {[%emt 0:00:25]} 29. Re2 {[%emt 0:01:07]} Bf8 {[%emt 0:02:44]} 30. Rg2 {[%emt 0:00:13]} Kh8 {[%emt 0:00:41]} 31. Bg3 {[%emt 0:01:40]} Be7 {[%emt 0:00:32]} 32. Qe1 {[%emt 0:00:23]} Rc8 {[%emt 0:01:00]} 33. Bh4 {[%emt 0:01:49]} Bxh4 {[%emt 0:00:21]} 34. Qxh4 {[%emt 0:00:06]} Qe7 {[%emt 0:00:04]} 35. Qh6 {[%emt 0:00:58]} Rg8 {[%emt 0:02:45]} 36. Kh2 {[%emt 0:02:35]} Qf8 {[%emt 0:01:05]} 37. Qh4 {[%emt 0:10:51]} Qd8 {[%emt 0:00:27]} 38. Qh6 {[%emt 0:00:29]} Qf8 {[%emt 0:00:10]} 39. Qh4 {[%emt 0:00:19]} Qd8 {[%emt 0:00:06]} 40. Qf2 {[%emt 0:11:01]} b5 {[%emt 0:27:57]} 41. Rcg1 {[%emt 0:00:30]} Qe7 {[%emt 0:00:30]} 42. gxf5 {[%emt 0:01:00]} exf5 {[%emt 0:01:00]} 1/2-1/2

[Event "1st Welsh Masters 2019"]
[Site "Bridgend"]
[Date "2019.08.26"]
[Round "1.4"]
[White "Varley, Peter"]
[Black "Willow, Jonah B"]
[Result "0-1"]
[WhiteElo "2171"]
[BlackElo "2326"]
[Annotator "ChessBase"]
[PlyCount "80"]
[EventDate "2019.08.26"]
[EventType "tourn"]
[EventCountry "WLS"]
[SourceTitle "playchess.com"]
[Source "ChessBase"]
[SourceQuality "1"]
[TimeControl "5400+30"]

1. d4 {[%emt 0:00:00]} d5 {[%emt 0:00:00]} 2. c4 {[%emt 0:00:00]} dxc4 {[%emt 0:00:13]} 3. Nf3 {[%emt 0:00:00]} a6 {[%emt 0:00:06]} 4. a4 {[%emt 0:03:50]} Nf6 {[%emt 0:00:54]} 5. Qc2 {[%emt 0:01:28]} Nc6 {[%emt 0:02:53]} 6. Qxc4 {[%emt 0:02:56]} Be6 {[%emt 0:03:19]} 7. Qd3 {[%emt 0:04:14]} Bg4 {[%emt 0:12:00]} 8. e3 {[%emt 0:02:53]} e6 {[%emt 0:05:13]} 9. Bd2 {[%emt 0:06:32]} Qd5 {[%emt 0:09:51]} 10. Nc3 {[%emt 0:05:59]} Qh5 {[%emt 0:01:32]} 11. Be2 {[%emt 0:05:23]} Rd8 {[%emt 0:05:49]} 12. Qc4 {[%emt 0:04:25]} Bd6 {[%emt 0:11:37]} 13. h3 {[%emt 0:02:20]} Na5 {[%emt 0:04:25]} 14. Qa2 {[%emt 0:01:05]} Bb4 {[%emt 0:11:24]} 15. Rg1 {[%emt 0:08:16]} Bxf3 {[%emt 0:00:59]} 16. Bxf3 {[%emt 0:00:07]} Qg6 {[%emt 0:01:32]} 17. Rd1 {[%emt 0:10:53]} O-O {[%emt 0:01:03]} 18. Qb1 {[%emt 0:00:23]} c5 {[%emt 0:04:51]} 19. Qxg6 {[%emt 0:01:49]} hxg6 {[%emt 0:00:04]} 20. dxc5 {[%emt 0:01:27]} Nb3 {[%emt 0:04:04]} 21. Bxb7 {[%emt 0:07:04]} Nxc5 {[%emt 0:00:49]} 22. Bf3 {[%emt 0:00:45]} Nd3+ {[%emt 0:04:39]} 23. Ke2 {[%emt 0:00:06]} Nxb2 {[%emt 0:04:14]} 24. Rb1 {[%emt 0:01:52]} Nd3 {[%emt 0:04:24]} 25. Rgd1 {[%emt 0:01:47]} a5 {[%emt 0:02:27]} 26. Ne4 {[%emt 0:08:48]} Nxe4 {[%emt 0:01:16]} 27. Bxb4 {[%emt 0:01:53]} Nxb4 {[%emt 0:00:45]} 28. Bxe4 {[%emt 0:00:27]} Na2 {[%emt 0:01:17]} 29. Rb3 {[%emt 0:05:09]} Rc8 {[%emt 0:00:31]} 30. Kf3 {[%emt 0:01:21]} Rc4 {[%emt 0:00:33]} 31. Ra3 {[%emt 0:04:38]} Nc3 {[%emt 0:00:14]} 32. Rd4 {[%emt 0:01:12]} Rfc8 {[%emt 0:00:30]} 33. Bb7 {[%emt 0:00:42]} R8c7 {[%emt 0:00:40]} 34. Rxc4 {[%emt 0:00:13]} Rxc4 {[%emt 0:00:02]} 35. Ba6 {[%emt 0:00:14]} Rc5 {[%emt 0:00:20]} 36. e4 {[%emt 0:01:05]} f5 {[%emt 0:00:36]} 37. Bd3 {[%emt 0:01:49]} Nd1 {[%emt 0:01:04]} 38. exf5 {[%emt 0:00:57]} gxf5 {[%emt 0:00:14]} 39. Bb5 {[%emt 0:01:02]} Nc3 {[%emt 0:00:59]} 40. Rb3 {[%emt 0:00:20]} Ne4 {[%emt 0:00:40]} 0-1

[Event "1st Welsh Masters 2019"]
[Site "Bridgend"]
[Date "2019.08.26"]
[Round "1.5"]
[White "Arkell, Keith C"]
[Black "Kett, Tim"]
[Result "1-0"]
[WhiteElo "2445"]
[BlackElo "2245"]
[Annotator "ChessBase"]
[PlyCount "139"]
[EventDate "2019.08.26"]
[EventType "tourn"]
[EventCountry "WLS"]
[SourceTitle "playchess.com"]
[Source "ChessBase"]
[SourceQuality "1"]
[TimeControl "5400+30"]

1. d4 {[%emt 0:00:00]} Nf6 {[%emt 0:00:00]} 2. Nf3 {[%emt 0:00:00]} g6 {[%emt 0:00:00]} 3. c4 {[%emt 0:00:00]} Bg7 {[%emt 0:00:03]} 4. g3 {[%emt 0:00:08]} O-O {[%emt 0:00:11]} 5. Bg2 {[%emt 0:00:05]} d6 {[%emt 0:00:08]} 6. O-O {[%emt 0:00:06]} Nbd7 {[%emt 0:00:07]} 7. d5 {[%emt 0:00:06]} e5 {[%emt 0:06:05]} 8. dxe6 {[%emt 0:00:06]} fxe6 {[%emt 0:00:21]} 9. Nc3 {[%emt 0:00:04]} Nc5 {[%emt 0:09:43]} 10. Be3 {[%emt 0:00:30]} Nce4 {[%emt 0:03:32]} 11. Nxe4 {[%emt 0:00:12]} Nxe4 {[%emt 0:00:05]} 12. Qc2 {[%emt 0:01:21]} Nf6 {[%emt 0:02:03]} 13. Rfd1 {[%emt 0:00:35]} Ng4 {[%emt 0:03:00]} 14. Bg5 {[%emt 0:01:40]} Bf6 {[%emt 0:05:10]} 15. Bxf6 {[%emt 0:00:51]} Qxf6 {[%emt 0:00:13]} 16. h3 {[%emt 0:01:02]} Ne5 {[%emt 0:01:45]} 17. Rd2 {[%emt 0:11:57]} Nxf3+ {[%emt 0:05:10]} 18. exf3 {[%emt 0:02:31]} e5 {[%emt 0:11:45]} 19. c5 {[%emt 0:00:26]} dxc5 {[%emt 0:28:19]} 20. Qxc5 {[%emt 0:00:23]} c6 {[%emt 0:01:31]} 21. Re2 {[%emt 0:12:44]} b6 {[%emt 0:13:16]} 22. Qxe5 {[%emt 0:01:16]} Ba6 {[%emt 0:00:19]} 23. Qxf6 {[%emt 0:00:54]} Rxf6 {[%emt 0:00:03]} 24. Re7 {[%emt 0:00:06]} Rf7 {[%emt 0:00:22]} 25. Rae1 {[%emt 0:03:48]} Bc4 {[%emt 0:02:37]} 26. b3 {[%emt 0:02:08]} Bd5 {[%emt 0:00:19]} 27. f4 {[%emt 0:00:06]} Bxg2 {[%emt 0:00:18]} 28. Kxg2 {[%emt 0:00:06]} Rd8 {[%emt 0:03:41]} 29. Re8+ {[%emt 0:01:23]} Rxe8 {[%emt 0:00:38]} 30. Rxe8+ {[%emt 0:00:05]} Kg7 {[%emt 0:00:04]} 31. b4 {[%emt 0:02:54]} Rc7 {[%emt 0:00:43]} 32. Kf3 {[%emt 0:03:47]} Kf7 {[%emt 0:00:06]} 33. Re5 {[%emt 0:03:56]} Rd7 {[%emt 0:00:12]} 34. f5 {[%emt 0:13:06]} Kf6 {[%emt 0:01:38]} 35. Ke4 {[%emt 0:05:19]} Rd2 {[%emt 0:00:09]} 36. Re6+ {[%emt 0:00:05]} Kf7 {[%emt 0:00:41]} 37. Rxc6 {[%emt 0:00:18]} gxf5+ {[%emt 0:00:59]} 38. Ke5 {[%emt 0:05:27]} Re2+ {[%emt 0:02:15]} 39. Kxf5 {[%emt 0:00:54]} Rxf2+ {[%emt 0:00:03]} 40. Kg5 {[%emt 0:00:08]} Rxa2 {[%emt 0:00:07]} 41. Rc7+ {[%emt 0:00:09]} Kg8 {[%emt 0:01:16]} 42. Kh6 {[%emt 0:11:39]} Rg2 {[%emt 0:00:05]} 43. Rg7+ {[%emt 0:00:31]} Kf8 {[%emt 0:00:02]} 44. b5 {[%emt 0:00:29]} Rb2 {[%emt 0:01:29]} 45. Rg5 {[%emt 0:01:05]} a5 {[%emt 0:01:16]} 46. bxa6 {[%emt 0:00:12]} Ra2 {[%emt 0:00:03]} 47. Kxh7 {[%emt 0:00:18]} Rxa6 {[%emt 0:00:03]} 48. g4 {[%emt 0:03:49]} Ra7+ {[%emt 0:00:31]} 49. Kg6 {[%emt 0:02:23]} Rg7+ {[%emt 0:00:46]} 50. Kh6 {[%emt 0:00:12]} Rb7 {[%emt 0:00:12]} 51. Rb5 {[%emt 0:00:17]} Kg8 {[%emt 0:00:46]} 52. h4 {[%emt 0:00:50]} Rh7+ {[%emt 0:00:06]} 53. Kg5 {[%emt 0:00:04]} Rg7+ {[%emt 0:00:07]} 54. Kf4 {[%emt 0:02:20]} Rf7+ {[%emt 0:00:03]} 55. Rf5 {[%emt 0:02:02]} Rb7 {[%emt 0:00:08]} 56. Rg5+ {[%emt 0:00:05]} Kf7 {[%emt 0:00:25]} 57. Rb5 {[%emt 0:00:05]} Kg6 {[%emt 0:02:10]} 58. h5+ {[%emt 0:00:13]} Kh6 {[%emt 0:00:25]} 59. Kg3 {[%emt 0:00:19]} Rb8 {[%emt 0:00:50]} 60. Kh4 {[%emt 0:00:09]} Rb7 {[%emt 0:00:12]} 61. g5+ {[%emt 0:00:56]} Kg7 {[%emt 0:00:15]} 62. Kg4 {[%emt 0:00:09]} Rb8 {[%emt 0:00:25]} 63. Kf4 {[%emt 0:00:34]} Rf8+ {[%emt 0:01:08]} 64. Rf5 {[%emt 0:12:37]} Rb8 {[%emt 0:00:49]} 65. h6+ {[%emt 0:00:00]} Kg6 {[%emt 0:00:39]} 66. Rf6+ {[%emt 0:00:00]} Kh7 {[%emt 0:00:28]} 67. Rf7+ {[%emt 0:00:00]} Kg8 {[%emt 0:00:22]} 68. g6 {[%emt 0:00:00]} b5 {[%emt 0:00:04]} 69. h7+ {[%emt 0:00:00]} Kh8 {[%emt 0:00:02]} 70. Kg5 {[%emt 0:00:00]} 1-0

[Event "1st Welsh Masters 2019"]
[Site "Bridgend"]
[Date "2019.08.26"]
[Round "2.1"]
[White "Turner, Matthew J"]
[Black "Kett, Tim"]
[Result "1-0"]
[WhiteElo "2519"]
[BlackElo "2245"]
[Annotator "TA"]
[PlyCount "97"]
[EventDate "2019.08.26"]
[EventType "tourn"]
[EventCountry "WLS"]
[SourceTitle "playchess.com"]
[Source "ChessBase"]
[SourceQuality "1"]

{[%evp 12,97,13,11,19,3,7,1,8,-9,8,-16,11,8,3,-66,0,-36,-40,-32,-26,-33,-25,-22,-19,-35,-29,-39,-40,-38,0,-29,-15,-18,-25,-40,0,0,17,6,29,5,16,0,0,0,0,0,0,0,0,0,0,0,0,-6,34,-4,93,103,531,-506,8,0,0,0,0,0,112,111,114,104,189,133,581,581,577,574,560,508,5022,4910,4814,4810,4802,2360,29967,29962]} 1. d4 Nf6 2. Nc3 d5 3. Bf4 c6 4. e3 g6 5. h3 Bg7 6. Nf3 O-O 7. Be2 Qb6 {D00: 1 d4 d5: Unusual lines} (7... Nbd7 8. O-O Re8 9. Bh2 a5 10. Ne5 Nxe5 11. Bxe5 Ne4 12. Nxe4 Bxe5 13. dxe5 dxe4 14. Qd4 Qxd4 15. exd4 Rd8 16. Rad1 {0-1 (50) Melkumyan,H (2670)-Amin,B (2710) St Petersburg 2018}) 8. Rb1 c5 9. O-O $146 ({Predecessor:} 9. Nb5 Nc6 10. dxc5 Qxc5 11. Bg5 Bf5 12. Nfd4 Be4 13. O-O Rfc8 14. Nc3 Nb4 15. a3 {1-0 (57) Hebden,M (2590)-Van den Doel,E (2480) Escaldes 1998}) 9... cxd4 {The position is equal.} 10. Nxd4 Nc6 11. Nb3 e5 12. Bg5 d4 13. Na4 ({Better is} 13. Bxf6 $11 Bxf6 14. exd4) 13... Qd8 (13... Qc7 $1 $15) 14. exd4 Nxd4 15. Nxd4 exd4 16. Nc5 Qd5 17. Bxf6 $1 Bxf6 18. b4 Qxa2 19. Bd3 Qd5 20. Be4 Qg5 21. Bxb7 (21. Nxb7 {is more complex.} Rb8 22. f4 Qg3 23. Rb3 Qh4 24. Nc5) 21... Bxb7 22. Nxb7 Qd5 23. Na5 Rfe8 24. c4 Qf5 25. Rb3 Kg7 26. Rf3 Qe4 27. b5 Rac8 28. Nc6 a6 29. Qb3 axb5 30. cxb5 Re6 31. Rd1 Rce8 32. Qb4 {[%cal Rc6d4]} Qe2 33. Rfd3 Re4 34. Qb3 Be5 (34... Qh5 $11) 35. g3 $16 {aiming for b6.} Re3 $2 {[%mdl 8192]} (35... Re6 $16 {is more resistant.}) 36. b6 $4 {[%mdl 8192] [#]} (36. fxe3 $18 {was the only winning move.} dxe3 37. Rxe3) 36... Qf3 $2 (36... Bxg3 $1 $19 {[%mdl 512]} 37. fxg3 Qf3 $1 {[%mdl 576] Double Attack} 38. Rxe3 Rxe3) 37. Nxe5 (37. fxe3 $2 {is the wrong capture.} Qxg3+ 38. Kf1 Qxh3+ 39. Ke1 dxe3 $19) 37... R8xe5 38. Qb1 $1 (38. fxe3 {gets mated.} Qxg3+ 39. Kh1 Qxh3+ 40. Kg1 Rg5+ 41. Kf2 Rg2+ 42. Kf1 Qh1#) 38... Rf5 (38... Rh5 $5 39. h4 $8 Rxh4 40. gxh4 Qg4+ {[%mdl 64] Double Attack} 41. Kh2 (41. Kf1 Qh3+ 42. Kg1 Qg4+ 43. Kf1 Qh3+ 44. Kg1 Qg4+ $11) 41... Qh3+ 42. Kg1 Qg4+ 43. Kf1 Qh3+ 44. Kg1 Qg4+ $11) 39. R1d2 {[#]} Rg5 {[#]} (39... Rb5 $1 $11 {[%mdl 512] keeps the balance.} 40. Qf1 (40. Qxb5 Re1+) 40... Rxd3 41. Rxd3 Qc6) 40. Qf1 $1 ({Worse is} 40. Rxd4 Rxg3+ 41. fxg3 Qxg3+ 42. Kh1 Re1+ 43. Qxe1 Qxe1+ 44. Kh2 Qe5+ 45. Kg2 Qg5+ 46. Kh2 Qb5 $15) 40... Rxd3 41. Rxd3 {[%mdl 4096] Endgame KQR-KQR} Qc6 {[#]} (41... Qb7 $16 {was necessary.}) 42. Rb3 $1 $36 {[%mdl 2048] Strongly threatening b7. White is on the roll.} Rc5 $2 {[%mdl 8192]} (42... Qb7 $16 {is a better chance.}) 43. b7 Rc1 44. b8=Q {White wants to mate with Qe5+.} Rxf1+ 45. Kxf1 Qc4+ (45... Qc1+ $142 46. Kg2 Qc6+ 47. Kg1 Qc1+ 48. Kh2 Qg5) 46. Kg2 Qd5+ 47. Kg1 d3 48. Rb1 d2 49. Qb2+ {Accuracy: White = 41%, Black = 33%.} 1-0

[Event "1st Welsh Masters 2019"]
[Site "Bridgend"]
[Date "2019.08.26"]
[Round "2.2"]
[White "Willow, Jonah B"]
[Black "Arkell, Keith C"]
[Result "1/2-1/2"]
[WhiteElo "2326"]
[BlackElo "2445"]
[Annotator "NA"]
[PlyCount "46"]
[EventDate "2019.08.26"]
[EventType "tourn"]
[EventCountry "WLS"]
[SourceTitle "playchess.com"]
[Source "ChessBase"]
[SourceQuality "1"]
[TimeControl "5400+30"]

1. e4 {[%emt 0:00:00]} d5 {[%emt 0:00:19]} 2. exd5 {[%emt 0:00:05]} Qxd5 {[%emt 0:00:05]} 3. Nc3 {[%emt 0:00:09]} Qd8 {[%emt 0:00:26]} 4. d4 {[%emt 0:00:51]} Nf6 {[%emt 0:00:06]} 5. Nf3 {[%emt 0:01:22]} Bg4 {[%emt 0:00:06]} 6. Be2 {[%emt 0:01:37]} e6 {[%emt 0:00:41]} 7. O-O {[%emt 0:01:04]} c6 {[%emt 0:00:49]} 8. Re1 {[%emt 0:00:53]} Nbd7 {[%emt 0:00:41]} 9. h3 {[%emt 0:03:08]} Bxf3 {[%emt 0:00:06]} 10. Bxf3 {[%emt 0:00:03]} Be7 {[%emt 0:00:09]} 11. Ne2 {[%emt 0:07:52]} O-O {[%emt 0:00:08]} 12. c4 {[%emt 0:01:03]} e5 {[%emt 0:03:36]} 13. Ng3 {[%emt 0:01:32]} exd4 {[%emt 0:02:08]} 14. Qxd4 {[%emt 0:01:20]} Bc5 {[%emt 0:03:15]} 15. Qh4 {[%emt 0:12:01]} Qb6 {[%emt 0:05:18]} 16. Nf5 {[%emt 0:20:03]} Rfe8 {[%emt 0:01:33]} 17. Rf1 {[%emt 0:04:27]} Re6 {[%emt 0:10:16]} 18. Qg3 {[%emt 0:07:05]} g6 {[%emt 0:00:57]} 19. b3 {[%emt 0:10:06]} Kh8 {[%emt 0:12:53]} 20. Nh6 {[%emt 0:04:02]} Rf8 {[%emt 0:02:40]} 21. Bb2 {[%emt 0:01:49]} Bd4 {[%emt 0:01:24]} 22. Bxd4 {[%emt 0:01:31]} Qxd4 {[%emt 0:53:24]} 23. Ng4 {[%emt 0:00:47]} Qd6 {[%emt 0:00:00]} 1/2-1/2

[Event "1st Welsh Masters 2019"]
[Site "Bridgend"]
[Date "2019.08.26"]
[Round "2.3"]
[White "Toczek, Grzegorz"]
[Black "Varley, Peter"]
[Result "1-0"]
[WhiteElo "2246"]
[BlackElo "2171"]
[Annotator "NA"]
[PlyCount "107"]
[EventDate "2019.08.26"]
[EventType "tourn"]
[EventCountry "WLS"]
[SourceTitle "playchess.com"]
[Source "ChessBase"]
[SourceQuality "1"]
[TimeControl "5400+30"]

1. e4 {[%emt 0:00:00]} e5 {[%emt 0:00:00]} 2. Nf3 {[%emt 0:00:00]} Nc6 {[%emt 0:00:00]} 3. Nc3 {[%emt 0:00:57]} Nf6 {[%emt 0:00:00]} 4. d4 {[%emt 0:00:12]} exd4 {[%emt 0:00:12]} 5. Nxd4 {[%emt 0:00:04]} Bb4 {[%emt 0:00:13]} 6. Nxc6 {[%emt 0:00:07]} bxc6 {[%emt 0:00:08]} 7. Bd3 {[%emt 0:00:04]} d5 {[%emt 0:00:23]} 8. exd5 {[%emt 0:00:06]} cxd5 {[%emt 0:00:09]} 9. O-O {[%emt 0:00:05]} O-O {[%emt 0:00:12]} 10. h3 {[%emt 0:00:07]} h6 {[%emt 0:02:17]} 11. Qf3 {[%emt 0:05:00]} Bd6 {[%emt 0:04:06]} 12. Nb5 {[%emt 0:03:50]} Be5 {[%emt 0:02:17]} 13. Bf4 {[%emt 0:12:29]} Bxf4 {[%emt 0:02:05]} 14. Qxf4 {[%emt 0:00:30]} a6 {[%emt 0:00:17]} 15. Nd4 {[%emt 0:08:31]} Bb7 {[%emt 0:10:30]} 16. b4 {[%emt 0:00:17]} Ne4 {[%emt 0:05:54]} 17. Rfe1 {[%emt 0:09:30]} Re8 {[%emt 0:02:23]} 18. Nb3 {[%emt 0:05:40]} Rb8 {[%emt 0:06:22]} 19. a3 {[%emt 0:01:21]} Re6 {[%emt 0:01:51]} 20. f3 {[%emt 0:01:57]} Rf6 {[%emt 0:01:21]} 21. Qe3 {[%emt 0:04:14]} Ng5 {[%emt 0:03:19]} 22. Nc5 {[%emt 0:01:19]} Bc6 {[%emt 0:09:04]} 23. Qe7 {[%emt 0:02:56]} Qc8 {[%emt 0:02:38]} 24. Bxa6 {[%emt 0:05:51]} Nxf3+ {[%emt 0:00:54]} 25. Kh1 {[%emt 0:00:06]} Qf5 {[%emt 0:01:11]} 26. Qxc7 {[%emt 0:01:02]} Rf8 {[%emt 0:01:39]} 27. Rf1 {[%emt 0:05:00]} d4 {[%emt 0:05:28]} 28. Bb7 {[%emt 0:00:51]} Qg6 {[%emt 0:05:12]} 29. Bxc6 {[%emt 0:06:10]} Rxc6 {[%emt 0:00:06]} 30. Qf4 {[%emt 0:00:40]} Ng5 {[%emt 0:01:47]} 31. Qxd4 {[%emt 0:01:23]} Rd6 {[%emt 0:00:47]} 32. Qf2 {[%emt 0:01:05]} Rfd8 {[%emt 0:01:31]} 33. Rae1 {[%emt 0:00:23]} Rd2 {[%emt 0:01:52]} 34. Re2 {[%emt 0:00:11]} Qxc2 {[%emt 0:00:35]} 35. Rxd2 {[%emt 0:03:42]} Rxd2 {[%emt 0:00:11]} 36. Qg3 {[%emt 0:00:20]} Qc4 {[%emt 0:05:39]} 37. Re1 {[%emt 0:00:18]} Qd5 {[%emt 0:00:34]} 38. h4 {[%emt 0:01:19]} Ne6 {[%emt 0:00:31]} 39. Ne4 {[%emt 0:00:07]} Rd3 {[%emt 0:02:12]} 40. Nf6+ {[%emt 0:00:23]} Kf8 {[%emt 0:00:18]} 41. Nxd5 {[%emt 0:02:38]} Rxg3 {[%emt 0:00:06]} 42. Ne3 {[%emt 0:01:01]} Nf4 {[%emt 0:01:43]} 43. Kh2 {[%emt 0:00:48]} Rg6 {[%emt 0:00:23]} 44. g3 {[%emt 0:02:49]} Nd3 {[%emt 0:00:26]} 45. Rd1 {[%emt 0:00:13]} Ne5 {[%emt 0:01:18]} 46. b5 {[%emt 0:00:19]} Re6 {[%emt 0:02:49]} 47. Nf5 {[%emt 0:01:20]} Re8 {[%emt 0:01:32]} 48. a4 {[%emt 0:02:11]} g6 {[%emt 0:01:09]} 49. Nd4 {[%emt 0:00:25]} Ra8 {[%emt 0:00:19]} 50. Ra1 {[%emt 0:00:22]} Nc4 {[%emt 0:00:48]} 51. Nc6 {[%emt 0:00:23]} Ke8 {[%emt 0:00:36]} 52. a5 {[%emt 0:00:14]} Kd7 {[%emt 0:00:13]} 53. Rc1 {[%emt 0:00:54]} Nd6 {[%emt 0:01:36]} 54. b6 {[%emt 0:00:53]} 1-0